| 000 | 00843cam a22002535a 4500 | ||
|---|---|---|---|
| 001 | 17606982 | ||
| 005 | 20151028114455.0 | ||
| 008 | 130128t2014 moua frb 001 0 eng d | ||
| 020 | _a9781455740710 | ||
| 040 |
_aDNLM/DLC _cDLC _dDLC _dEG-ScBUE _beng |
||
| 082 | 0 | 4 |
_a362.173068 _222 _bLEA |
| 245 | 0 | 0 |
_aLeadership & nursing care management / _c[edited by] Diane L. Huber. |
| 246 | 3 | _aLeadership and nursing care management | |
| 250 | _a5th ed. | ||
| 260 |
_aMissouri : _bSaunders / Elsevier, _cc.2014. |
||
| 300 |
_axvi, 543 p. : _bill. ; _c24 cm. |
||
| 500 | _aIndex : p. 523-543. | ||
| 504 | _aBibliography : p. 465-521. | ||
| 650 | 7 |
_aNursing services _xAdministration. _932499 _2BUEsh |
|
| 651 | _2BUEsh | ||
| 653 |
_bNNUR _cApril2015 _cJune2015 _cOctober2015 |
||
| 700 | 1 |
_aHuber, Diane, _937636 _eeditor. |
|
| 942 |
_2ddc _k362.173068 LEA |
||
| 999 |
_c19190 _d19162 |
||